Fr. Conceicao Rodrigues College of Engineering

Engineering Circuit Analysis (Record no. 24561)

MARC details
000 -LEADER
fixed length control field 00312nam a2200145Ia 4500
082 ## - DEWEY DECIMAL CLASSIFICATION NUMBER
Classification number 621.3192
Item number HAY
100 ## - MAIN ENTRY--PERSONAL NAME
Personal name Hayt/William H
250 ## - EDITION STATEMENT
Edition statement 4
245 ## - TITLE STATEMENT
Title Engineering Circuit Analysis
260 ## - PUBLICATION, DISTRIBUTION, ETC.
Name of publisher, distributor, etc. Mc Graw Hill
Place of publication, distribution, etc. New York
Date of publication, distribution, etc. 1986
300 ## - PHYSICAL DESCRIPTION
Extent 653
546 ## - LANGUAGE NOTE
Language note ENGLISH
654 ## - SUBJECT ADDED ENTRY--FACETED TOPICAL TERMS
Focus term circuit
942 ## - ADDED ENTRY ELEMENTS (KOHA)
Koha item type BOOK
Holdings
Withdrawn status Lost status Damaged status Not for loan Collection Home library Current library Shelving location Date acquired Cost, normal purchase price Total Checkouts Full call number Barcode Date last seen Cost, replacement price Price effective from Koha item type
        CRC Fr. Agnel's C.Rodrigues College of Engineering Fr. Agnel's C.Rodrigues College of Engineering   17/03/2023 622.92   621.3192 HAY 2699 17/03/2023 622.92 17/03/2023 BOOK
        CRC Fr. Agnel's C.Rodrigues College of Engineering Fr. Agnel's C.Rodrigues College of Engineering   17/03/2023     621.3192 HAY 2700 17/03/2023   17/03/2023 BOOK
        CRC Fr. Agnel's C.Rodrigues College of Engineering Fr. Agnel's C.Rodrigues College of Engineering   17/03/2023     621.3192 HAY 2701 17/03/2023   17/03/2023 BOOK
        CRC Fr. Agnel's C.Rodrigues College of Engineering Fr. Agnel's C.Rodrigues College of Engineering   17/03/2023     621.3192 HAY 2702 17/03/2023   17/03/2023 BOOK